000 00526nam a2200181Ia 4500
008 100920s9999 xx 000 0 und d
082 _b99916
_a520 न 07
100 _aशर्मा राजीव अनु:-मेटकर कमलेश.
245 _aमसाले.
260 _bसाकेत,औरंगाबाद.
_c2007
300 _a84
_bसाधी
365 _b40
520 _aशाअ.
630 _aमसाले.
650 _aशाअ.
730 _aमसाले.
942 _cBOOK
999 _c740354
_d740351